000 01590nam a2200337 i 4500
003 DO-SdBNP
005 20240704091937.0
006 a||||gr|||| 00| 0
007 ta
008 240523e2023 dr ao||| |||| 00| e spa d
020 _a9789945250558
040 _aDO-SdBNP
_bspa
_cBNPHU
_erda
082 4 _222
_bS499o
100 _aSévez, Francois F.
_d1905-
_957381
_eautor
245 1 0 _aObras /
_cFrancois F. Sévez ; cuidado de edición, Kary Alba Rocha Arias ; presentación, Raymundo González.
264 _aSanto Domingo :
_bArchivo General de la Nación,
_c2023
300 _a621 páginas ;
_bilustraciones, fotografías, retrato ;
_c23 cm.
336 _2rdacontent
_atexto
_btxt
337 _2rdamedia
_asin mediación
_bn
338 _2rdacarrier
_avolumen
_bnc
490 _aArchivo General de la Nación ;
_v456
500 _aIncluye índice onomástico.
500 _aIncluye bibliografía y notas al pie de páginas.
505 _aPresentación /
_rRaymundo González.--
_tFrançois F. Sévez hijo (1905-1953) /
_rVetilio Alfau Durán.--
_gPrimera Parte:
_tHistoria del Circuito Radial La Voz Dominicana (1942-1950).--
_gSegunda Parte:
_tBosquejo Biográfico del Padre Fantino.--
_gTercera Parte:
_tArtículos.--
_tApuntaciones bibliográficas /
_rVetilio Alfau Durán.--
_tÍndice onomástico.
590 _aInventariado, 2024/BT
600 4 _aSevez, Francois F.
_957381
_d1905-
_q(Fausto del Rosario)
_tObras
_xBiografía
700 1 _a Rocha Arias, Kary Alba,
_981514
_eeditor
700 2 _aGonzález, Raymundo,
_d1961-
_9627
_epresentación
910 _aBtavárez
942 _2ddc
_cLBS1
999 _c56725
_d56725